[Event "Nuremberg LGA Cup 5th"]
[Site "Nuremberg"]
[Date "2008.09.06"]
[Round "4"]
[White "Baumann, Mathias"]
[Black "Kahlert, Thomas"]
[Result "0-1"]
[WhiteElo "2080"]
[BlackElo "2262"]
[PlyCount "88"]
[EventDate "2008.09.04"]
[EventType "swiss"]
[EventRounds "7"]
[EventCountry "GER"]
[SourceTitle "CBM 126 Extra"]
[Source "ChessBase"]
[SourceDate "2008.11.05"]
[SourceVersion "1"]
[SourceVersionDate "2008.11.05"]
[SourceQuality "1"]

1. d4 Nf6 2. Bf4 g6 3. e3 Bg7 4. Be2 0-0 5. h3 d6 6. Nf3 c5 7. 0-0 Nc6 8. c4 Qb6 9. Qb3 Na5 10. Qxb6 axb6 11. Nc3 Nc6 12. Bh2 Bd7 13. Rfd1 Rfe8 14. Ne1 h5 15. Nc2 Bf5 16. Na3 Ne4 17. Nab5 cxd4 18. exd4 Nxc3 19. bxc3 Rec8 20. Bf4 Na5 21. Na3 b5 22. g4 hxg4 23. hxg4 Be6 24. c5 dxc5 25. Nxb5 cxd4 26. Nc7 dxc3 27. Nxa8 Rxa8 28. Rf1 Nc6 29. a4 Nd4 30. Bd1 c2 31. Be3 cxd1Q 32. Raxd1 Rxa4 33. f3 Bd5 34. f4 g5 35. Kf2 Ra2+ 36. Rd2 gxf4 37. Bxf4 Ra3 38. Be3 e5 39. Rc1 Rxe3 40. Kxe3 Bh6+ 41. Kd3 Bxd2 42. Rc8+ Kg7 43. Kxd2 f6 44. Ke3 Kg6 0-1

[Event "Nuremberg LGA Cup 5th"]
[Site "Nuremberg"]
[Date "2008.09.06"]
[Round "5.42"]
[White "Jahnel, Guenther"]
[Black "Baumann, Mathias"]
[Result "1-0"]
[WhiteElo "2329"]
[BlackElo "2080"]
[PlyCount "67"]
[EventDate "2008.09.04"]
[EventType "swiss"]
[EventRounds "7"]
[EventCountry "GER"]
[SourceTitle "EXT 2022"]
[Source "ChessBase"]
[SourceDate "2021.10.06"]
[SourceVersion "1"]
[SourceVersionDate "2021.10.06"]
[SourceQuality "1"]

1. d4 d5 2. c4 e6 3. Nc3 Nf6 4. Bg5 Be7 5. Nf3 0-0 6. e3 h6 7. Bh4 b6 8. Bd3 Bb7 9. 0-0 Nbd7 10. Qe2 dxc4 11. Bxc4 c5 12. Rfd1 Ne4 13. Bg3 Nxg3 14. hxg3 Bxf3 15. gxf3 cxd4 16. exd4 Bd6 17. f4 Qe7 18. Re1 Rfe8 19. Qf3 Qd8 20. f5 Nf8 21. Bb5 Re7 22. f6 gxf6 23. Ne4 Rc8 24. Nxf6+ Kh8 25. Qh5 Kg7 26. Ng4 f5 27. Qxh6+ Kf7 28. Qf6+ Kg8 29. Nh6+ Kh7 30. Nf7 Qc7 31. Kg2 Qb7+ 32. f3 Rc2+ 33. Re2 Rxe2+ 34. Bxe2 1-0